Every Incorporated City in the Yakima Metro Area - Statistics

General Stats
  • This quiz has been taken 9 times
  • The average score is 11 of 14
Answer Stats
# Population Answer % Correct
4 8,661 Toppenish
100%
6 6,498 Union Gap
100%
1 95,957 Yakima
100%
8 4,411 Moxee
86%
13 1,040 Naches
86%
5 8,309 Selah
86%
7 4,468 Wapato
86%
10 3,119 Zillah
86%
3 10,911 Grandview
71%
9 3,741 Granger
71%
11 1,975 Tieton
71%
14 578 Harrah
57%
12 1,928 Mabton
57%
2 16,254 Sunnyside
57%
No matching quizzes found
Score Distribution
Percent of People with Each Score
Percentile by Number Answered
Your Score History
You have not taken this quiz